000 00739nam a2200217 i 4500
005 20160119071026.0
008 140303s1997 ve ||||| |||| 00| 0 spa d
020 _a9800744134
040 _aCO-BoIAVH
_cCO-BoIAVH
041 _aspa
044 _ave
082 0 4 _a333.9534
_bB61b
245 0 0 _aBiodiversidad :
_bestrategias y oportunidades para el siglo XXI.
260 _aCaracas :
_bSELA,
_c1997.
300 _a288 páginas ;
_c18 cm.
650 1 4 _aDiversidad biológica
650 2 4 _aRecursos de germoplasma
650 2 4 _aConservación de los recursos naturales
710 2 _aPrograma Regional de Cooperación y Concertación en Materia de Germoplasma Vegetal del Proyecto INT
942 _cLIBRO
_2ddc
999 _c1952
_d1952